| 000 | 01026nam0a22002291 4500 | ||
|---|---|---|---|
| 001 | rc\4527314 | ||
| 005 | 20260407030736.0 | ||
| 035 | _a(NLR Aleph) 008354600 | ||
| 090 |
_a8959399 _c8959399 |
||
| 100 | _a20130416b1965 |||y0rusy50 ca | ||
| 101 | 0 | _arus | |
| 102 | _aRU | ||
| 105 | _ay z ||||| | ||
| 200 | 1 |
_aТехническая информация _fРесп. объединение Совета Министров Казахской ССР "Казсельхозтехника". Отд. техн. информации |
|
| 210 |
_aАлма-Ата _cБ. и. _d1965 |
||
| 710 | 0 | 2 |
_a"Казсельхозтехника", объединение _cАлма-Ата _3RU\NLR\AUTH\8810012647 _9523127 |
| 801 | 0 |
_aRU _bNLR _gpsbo |
|
| 801 | 1 |
_aRU _bELAR _2rusmarc |
|
| 830 | _aПеречень имеющихся в библиотеке томов, номеров, годов этого издания смотри в каталоге периодических изданий | ||
| 852 |
_aNLR _jП14/764 |
||
| 942 | _cBOOK | ||
| 980 | _aNB | ||